000 00417nam a22001457a 4500
003 macl
005 20180415132353.0
008 180415b xxu||||| |||| 00| 0 eng d
040 _cmacl
100 _aनरेन्‍द्र मोदी
_972034
245 _aप्रेमतीर्थ
260 _aदिल्‍ली
_bराजपाल
_c2014
650 _aकहानी
_972035
942 _2ddc
_cHIN
999 _c57729
_d57729